Rozbor organizácie hospodárskych stredísk vo vnútropodnikovom riadení záverečná práca postgraduálneho štúdia

Enregistré dans:
Détails bibliographiques
Auteur principal: Matej, Pavol
Collectivité auteur: Vysoká škola ekonomická v Bratislave
Autres auteurs: Satková, Blanka
Format: Livre
Langue:slovaque
Publié: Bratislava 1988
Tags: Ajouter un tag
Pas de tags, Soyez le premier à ajouter un tag!

MARC

LEADER 00000nam a2200000 4500
001 c035391
005 20260108081716.4
041 0 |a slo 
044 |a SK 
245 1 0 |a Rozbor organizácie hospodárskych stredísk vo vnútropodnikovom riadení  |b záverečná práca postgraduálneho štúdia  |c Pavol Matej ; ved. práce Blanka Satková 
264 1 |a Bratislava  |c 1988 
300 |a 65 s. 
100 1 |a Matej, Pavol 
700 1 |a Satková, Blanka 
710 2 |a Vysoká škola ekonomická v Bratislave